[Event "Titled Tuesday intern op 10th Sep Early"]
[Site "Chess,com INT"]
[Date "2024.09.10"]
[Round "1"]
[White "Yang, Kaiqi"]
[Black "Almagro Mazariegos, Sebastian"]
[Result "1-0"]
[WhiteElo "2481"]
[BlackElo "2259"]
[PlyCount "73"]
[GameId "2107989760036562"]
[EventDate "2024.09.10"]
[EventType "swiss (blitz)"]
[EventRounds "11"]
[EventCountry "USA"]
[SourceTitle "EXT 2025"]
[Source "ChessBase"]
[SourceDate "2024.10.14"]
[SourceVersion "1"]
[SourceVersionDate "2024.10.14"]
[SourceQuality "1"]

1. e4 c5 2. Nf3 d6 3. d4 cxd4 4. Nxd4 Nf6 5. Nc3 a6 6. h3 e5 7. Nde2 h5 8. Bg5 Be6 9. Bxf6 Qxf6 10. Nd5 Qd8 11. Nec3 Nd7 12. Bc4 Rc8 13. Bb3 Nc5 14. O-O b5 15. a3 Nxb3 16. cxb3 Be7 17. Qd3 O-O 18. Rfd1 Bg5 19. a4 bxa4 20. Rxa4 Rc6 21. Rxa6 Rxa6 22. Qxa6 f5 23. Qb6 Qxb6 24. Nxb6 Bxb3 25. Rxd6 Bc2 26. exf5 Bxf5 27. Nbd5 Rb8 28. b4 e4 29. b5 Kh7 30. b6 e3 31. fxe3 Re8 32. e4 Bxe4 33. Nxe4 Rxe4 34. b7 Re1+ 35. Kf2 Rb1 36. Rb6 Rxb6 37. Nxb6 1-0

[Event "Titled Tuesday intern op 10th Sep Early"]
[Site "Chess,com INT"]
[Date "2024.09.10"]
[Round "5"]
[White "Yang, Kaiqi"]
[Black "Alonso, Raphael VP Patricio"]
[Result "0-1"]
[WhiteElo "2481"]
[BlackElo "2170"]
[PlyCount "100"]
[GameId "2107989760078721"]
[EventDate "2024.09.10"]
[EventType "swiss (blitz)"]
[EventRounds "11"]
[EventCountry "USA"]
[SourceTitle "EXT 2025"]
[Source "ChessBase"]
[SourceDate "2024.10.14"]
[SourceVersion "1"]
[SourceVersionDate "2024.10.14"]
[SourceQuality "1"]

1. e4 c5 2. Nf3 g6 3. c3 d5 4. exd5 Qxd5 5. d4 Nf6 6. Na3 a6 7. Nc4 Nbd7 8. dxc5 Qxd1+ 9. Kxd1 Ne4 10. Be3 Nexc5 11. Nfe5 b5 12. Nxd7 Nxd7 13. Na5 Bg7 14. Be2 Ne5 15. h3 Bf5 16. g4 Rd8+ 17. Kc1 Be4 18. Rd1 Rxd1+ 19. Kxd1 O-O 20. a4 Rd8+ 21. Kc1 Nd3+ 22. Bxd3 Bxd3 23. Nc6 Rd6 24. Nxe7+ Kf8 25. Nc8 Rc6 26. Nb6 b4 27. Kd2 bxc3+ 28. bxc3 Bxc3+ 29. Kxd3 Bxa1 30. Nc4 Bg7 31. f3 Ke7 32. a5 h6 33. Bb6 Kd7 34. f4 f5 35. gxf5 gxf5 36. Ne3 Rc3+ 37. Ke2 Bf8 38. h4 Bd6 39. Nxf5 Bxf4 40. Kf2 Ke6 41. Nd4+ Kd5 42. Kg2 Be3 43. Nf5 Bxb6 44. axb6 Kc6 45. Nxh6 Kxb6 46. Nf5 a5 47. h5 Rc5 48. Ng7 Rg5+ 49. Kf3 Rxg7 50. h6 Rh7 0-1

[Event "Titled Tuesday intern op 17th Sep Early"]
[Site "Chess,com INT"]
[Date "2024.09.17"]
[Round "2"]
[White "Campos Rosas, Manuel Asis"]
[Black "Yang, Kaiqi"]
[Result "0-1"]
[WhiteElo "2155"]
[BlackElo "2481"]
[PlyCount "74"]
[GameId "2107989760611903"]
[EventDate "2024.09.17"]
[EventType "swiss (blitz)"]
[EventRounds "11"]
[EventCountry "USA"]
[SourceTitle "EXT 2025"]
[Source "ChessBase"]
[SourceDate "2024.10.14"]
[SourceVersion "1"]
[SourceVersionDate "2024.10.14"]
[SourceQuality "1"]

1. d4 Nf6 2. Nc3 d5 3. Bf4 c5 4. e3 cxd4 5. exd4 a6 6. Nf3 Nc6 7. Bd3 Bg4 8. Be2 e6 9. O-O Bd6 10. Ne5 Bxe2 11. Nxe2 Rc8 12. c3 O-O 13. h3 Ne7 14. Bg5 Ne4 15. Bxe7 Qxe7 16. f3 Nf6 17. f4 Ne4 18. Qd3 f6 19. Nf3 Bb8 20. Nd2 f5 21. Nf3 h6 22. Ne5 Bxe5 23. dxe5 b5 24. Nd4 Kh7 25. a4 b4 26. cxb4 Rc4 27. b5 Qc5 28. Rfd1 axb5 29. Kh2 Nf2 30. Nxe6 Nxd3 31. Nxc5 Nxc5 32. axb5 d4 33. b6 Rb8 34. Rac1 Rxc1 35. Rxc1 Ne4 36. Rc6 d3 37. Rc1 Rxb6 0-1

[Event "Titled Tuesday intern op 17th Sep Early"]
[Site "Chess,com INT"]
[Date "2024.09.17"]
[Round "5"]
[White "Yang, Kaiqi"]
[Black "Topalov, Aleksandar"]
[Result "1-0"]
[WhiteElo "2481"]
[BlackElo "2233"]
[PlyCount "63"]
[GameId "2107989760666358"]
[EventDate "2024.09.17"]
[EventType "swiss (blitz)"]
[EventRounds "11"]
[EventCountry "USA"]
[SourceTitle "EXT 2025"]
[Source "ChessBase"]
[SourceDate "2024.10.14"]
[SourceVersion "1"]
[SourceVersionDate "2024.10.14"]
[SourceQuality "1"]

1. e4 e6 2. d4 d5 3. e5 Ne7 4. Nf3 Qd7 5. h4 h5 6. Ng5 b6 7. c3 Ba6 8. Bxa6 Nxa6 9. Nd2 Nf5 10. Nf1 c5 11. Ng3 Nxg3 12. fxg3 f6 13. Nf3 cxd4 14. cxd4 Nb8 15. O-O Nc6 16. Bf4 O-O-O 17. Rc1 Kb7 18. a3 Be7 19. b4 Rc8 20. Qe2 g5 21. exf6 Bxf6 22. hxg5 Nxd4 23. Nxd4 Bxd4+ 24. Be3 Be5 25. g6 Rcf8 26. Bxb6 axb6 27. Qxe5 Rhg8 28. Rxf8 Rxf8 29. Re1 Re8 30. Qxh5 Qd6 31. g7 e5 32. Qxe8 1-0

[Event "Titled Tuesday intern op 17th Sep Early"]
[Site "Chess,com INT"]
[Date "2024.09.17"]
[Round "8"]
[White "Pakleza, Zbigniew"]
[Black "Yang, Kaiqi"]
[Result "1-0"]
[WhiteElo "2483"]
[BlackElo "2481"]
[PlyCount "71"]
[GameId "2107989760695748"]
[EventDate "2024.09.17"]
[EventType "swiss (blitz)"]
[EventRounds "11"]
[EventCountry "USA"]
[SourceTitle "EXT 2025"]
[Source "ChessBase"]
[SourceDate "2024.10.14"]
[SourceVersion "1"]
[SourceVersionDate "2024.10.14"]
[SourceQuality "1"]

1. d4 Nf6 2. Nf3 g6 3. Bf4 Bg7 4. Nc3 d5 5. Qd2 Ne4 6. Nxe4 dxe4 7. Ne5 Nd7 8. O-O-O O-O 9. e3 Nxe5 10. dxe5 Qxd2+ 11. Rxd2 Be6 12. Be2 Rfd8 13. Rhd1 Rxd2 14. Rxd2 c6 15. Rd4 h5 16. Rxe4 Bd5 17. Rd4 Bxg2 18. Rd7 c5 19. Rxe7 Bf8 20. Rc7 Bd5 21. e4 Be6 22. Rxb7 a5 23. a4 Rd8 24. Bg5 Rd4 25. Rb8 Rxe4 26. Bd3 Rxe5 27. Bh6 Kh7 28. Bxf8 c4 29. Be7 cxd3 30. Bf6 Re1+ 31. Kd2 Re2+ 32. Kxd3 Bc4+ 33. Kxc4 g5 34. Bd4 Kg6 35. Kd3 Re6 36. Rb6 1-0

[Event "Titled Tuesday intern op 17th Sep Late"]
[Site "Chess,com INT"]
[Date "2024.09.17"]
[Round "1"]
[White "Yang, Kaiqi"]
[Black "Bach, Matthias"]
[Result "1-0"]
[WhiteElo "2481"]
[BlackElo "2205"]
[PlyCount "81"]
[GameId "2107989760733576"]
[EventDate "2024.09.17"]
[EventType "swiss (blitz)"]
[EventRounds "11"]
[EventCountry "USA"]
[SourceTitle "EXT 2025"]
[Source "ChessBase"]
[SourceDate "2024.10.14"]
[SourceVersion "1"]
[SourceVersionDate "2024.10.14"]
[SourceQuality "1"]

1. e4 c5 2. Nf3 Nf6 3. e5 Nd5 4. Nc3 Nxc3 5. dxc3 Nc6 6. Bd3 e6 7. O-O Be7 8. Re1 b6 9. Bf4 Bb7 10. Qd2 Qc7 11. Rad1 h6 12. Bg3 O-O-O 13. Be4 g5 14. a3 Rhg8 15. b4 h5 16. h4 gxh4 17. Nxh4 Rg4 18. Bf3 Rxh4 19. Bxh4 Bxh4 20. Qf4 Be7 21. Qxf7 Rf8 22. Qxh5 Rf5 23. Qh8+ Rf8 24. Qg7 d5 25. exd6 Bxd6 26. Qxc7+ Kxc7 27. Rxe6 Bf4 28. b5 Nd8 29. Re7+ Kc8 30. Rxd8+ Rxd8 31. Bxb7+ Kb8 32. g3 Bd2 33. c4 Bg5 34. Rf7 Rd2 35. Bd5 Rxc2 36. Rb7+ Kc8 37. Rxa7 Bf6 38. Rf7 Bd4 39. g4 Rc3 40. Kg2 Rxa3 41. g5 1-0

[Event "Titled Tuesday intern op 24th Sep Early"]
[Site "Chess.com INT"]
[Date "2024.09.24"]
[Round "1"]
[White "Zaksaite, Salomeja"]
[Black "Yang, Kaiqi"]
[Result "0-1"]
[WhiteElo "2194"]
[BlackElo "2481"]
[PlyCount "46"]
[GameId "2107989760904445"]
[EventDate "2024.09.24"]
[EventType "swiss (blitz)"]
[EventRounds "11"]
[EventCountry "USA"]
[SourceTitle "EXT 2025"]
[Source "ChessBase"]
[SourceDate "2024.10.14"]
[SourceVersion "1"]
[SourceVersionDate "2024.10.14"]
[SourceQuality "1"]

1. e4 c5 2. Nf3 d6 3. d4 cxd4 4. Nxd4 Nf6 5. Nc3 a6 6. Bc4 e6 7. O-O Be7 8. a4 Nc6 9. Be3 O-O 10. Kh1 Qc7 11. Ba2 Ne5 12. Qe2 Neg4 13. Bg5 d5 14. f4 dxe4 15. h3 e5 16. Nxe4 exd4 17. hxg4 Nxg4 18. Qf3 h6 19. Bxe7 Qxe7 20. Rae1 Qh4+ 21. Qh3 Nf2+ 22. Nxf2 Bxh3 23. Nxh3 Rae8 0-1

[Event "Titled Tuesday intern op 24th Sep Early"]
[Site "Chess.com INT"]
[Date "2024.09.24"]
[Round "2"]
[White "Yang, Kaiqi"]
[Black "Kamsky, Gata"]
[Result "0-1"]
[WhiteElo "2481"]
[BlackElo "2609"]
[PlyCount "94"]
[GameId "2107989760912961"]
[EventDate "2024.09.24"]
[EventType "swiss (blitz)"]
[EventRounds "11"]
[EventCountry "USA"]
[SourceTitle "EXT 2025"]
[Source "ChessBase"]
[SourceDate "2024.10.14"]
[SourceVersion "1"]
[SourceVersionDate "2024.10.14"]
[SourceQuality "1"]

1. e4 c5 2. Nf3 e6 3. g3 Nc6 4. Bg2 g6 5. d4 cxd4 6. Nxd4 a6 7. Nxc6 bxc6 8. c4 Bg7 9. Nc3 d6 10. O-O Ne7 11. c5 d5 12. exd5 cxd5 13. Bf4 O-O 14. Bd6 Re8 15. Re1 Bd7 16. Na4 Nc8 17. Rc1 Nxd6 18. cxd6 Bxa4 19. Qxa4 Qxd6 20. Rc6 Qb8 21. b4 Qb5 22. Qxb5 axb5 23. Bf1 Reb8 24. Rc5 Rxa2 25. Rxb5 Rxb5 26. Bxb5 Rb2 27. Re2 Rxb4 28. Bd3 Bd4 29. Kg2 g5 30. g4 h6 31. h3 Rb3 32. Bc2 Rc3 33. Bb1 Kf8 34. Rd2 Be5 35. Bd3 Bf4 36. Rd1 Rb3 37. Be2 Rb2 38. Bf3 Ke7 39. Re1 Kd6 40. Re2 Bd2 41. h4 e5 42. Kh3 e4 43. Bg2 Ke5 44. hxg5 hxg5 45. f3 e3 46. Bf1 Kf4 47. Kg2 d4 0-1

[Event "Titled Tuesday intern op 24th Sep Early"]
[Site "Chess.com INT"]
[Date "2024.09.24"]
[Round "4"]
[White "Arslanov, Shamil"]
[Black "Yang, Kaiqi"]
[Result "1-0"]
[WhiteElo "2410"]
[BlackElo "2481"]
[PlyCount "91"]
[GameId "2107989760929692"]
[EventDate "2024.09.24"]
[EventType "swiss (blitz)"]
[EventRounds "11"]
[EventCountry "USA"]
[SourceTitle "EXT 2025"]
[Source "ChessBase"]
[SourceDate "2024.10.14"]
[SourceVersion "1"]
[SourceVersionDate "2024.10.14"]
[SourceQuality "1"]

1. d4 Nf6 2. Nc3 d5 3. e4 dxe4 4. f3 c5 5. d5 e3 6. Bxe3 e6 7. Bb5+ Bd7 8. dxe6 fxe6 9. Qe2 a6 10. Bxd7+ Nbxd7 11. O-O-O Qc7 12. Nh3 O-O-O 13. Bf4 e5 14. Bg3 g6 15. Kb1 Bh6 16. Rhe1 Rhe8 17. Nf2 Nh5 18. Nfe4 Nb6 19. Bf2 Nf4 20. Qf1 Ne6 21. g3 Nd4 22. Qh3+ Kb8 23. Qxh6 Nxf3 24. Rh1 Nc4 25. Bxc5 Qc6 26. Rhf1 Nd4 27. b3 b6 28. Bxd4 exd4 29. bxc4 dxc3 30. Nxc3 Qxc4 31. Qf4+ Qxf4 32. gxf4 Rxd1+ 33. Rxd1 Re3 34. Kb2 Rh3 35. Rd2 Kc7 36. Nd5+ Kc6 37. Nf6 h5 38. Rg2 Rf3 39. Rxg6 Kb5 40. Nxh5 Rh3 41. Rg5+ Ka4 42. f5 Rxh2 43. f6 Rf2 44. Rg4+ Kb5 45. Rf4 Rxf4 46. Nxf4 1-0

[Event "Titled Tuesday intern op 24th Sep Early"]
[Site "Chess.com INT"]
[Date "2024.09.24"]
[Round "5"]
[White "Ferrufino, Boris"]
[Black "Yang, Kaiqi"]
[Result "0-1"]
[WhiteElo "1908"]
[BlackElo "2481"]
[PlyCount "42"]
[GameId "2107989760942348"]
[EventDate "2024.09.24"]
[EventType "swiss (blitz)"]
[EventRounds "11"]
[EventCountry "USA"]
[SourceTitle "EXT 2025"]
[Source "ChessBase"]
[SourceDate "2024.10.14"]
[SourceVersion "1"]
[SourceVersionDate "2024.10.14"]
[SourceQuality "1"]

1. d4 Nf6 2. Nf3 g6 3. Nbd2 d5 4. e3 c5 5. c3 b6 6. Bd3 Bg7 7. O-O O-O 8. e4 cxd4 9. Nxd4 dxe4 10. Nxe4 Bb7 11. Nxf6+ exf6 12. Re1 f5 13. Be3 Nd7 14. Bc4 Ne5 15. Bb3 Qh4 16. h3 f4 17. Bd2 f3 18. Nxf3 Bxf3 19. gxf3 Rad8 20. Qe2 Rxd2 21. Qe4 Qxf2+ 0-1

[Event "Titled Tuesday intern op 24th Sep Early"]
[Site "Chess.com INT"]
[Date "2024.09.24"]
[Round "6"]
[White "Yang, Kaiqi"]
[Black "Shkapenko, Pavel"]
[Result "1/2-1/2"]
[WhiteElo "2481"]
[BlackElo "2390"]
[PlyCount "134"]
[GameId "2107989760967437"]
[EventDate "2024.09.24"]
[EventType "swiss (blitz)"]
[EventRounds "11"]
[EventCountry "USA"]
[SourceTitle "EXT 2025"]
[Source "ChessBase"]
[SourceDate "2024.10.14"]
[SourceVersion "1"]
[SourceVersionDate "2024.10.14"]
[SourceQuality "1"]

1. e4 c5 2. Nf3 a6 3. c3 d5 4. exd5 Qxd5 5. d4 e6 6. Na3 Nf6 7. Nc4 Nbd7 8. Bf4 b5 9. Na5 Qe4+ 10. Be3 Ng4 11. Bd3 Nxe3 12. Bxe4 Nxd1 13. Bxa8 Nxb2 14. Bc6 Nd3+ 15. Ke2 Nf4+ 16. Kf1 Bd6 17. g3 Ng6 18. dxc5 Bxc5 19. Rd1 Ke7 20. Nb7 Bb6 21. Nd6 Nde5 22. Nxe5 Nxe5 23. Bg2 Rd8 24. Nxc8+ Rxc8 25. Bb7 Rxc3 26. Rd2 Nc4 27. Re2 Nd6 28. Ba8 a5 29. Kg2 b4 30. Rb1 Nb5 31. Rd2 Rc7 32. Be4 Nc3 33. Re1 Bc5 34. h4 a4 35. Bf3 Ra7 36. Rb2 b3 37. axb3 a3 38. Rd2 Bb4 39. Ra1 Nb5 40. Rc2 Nd4 41. Rca2 Bd6 42. Bd1 Nb5 43. Rc1 Be5 44. b4 Bb2 45. Rc2 Rd7 46. Be2 Nc3 47. Rxc3 Bxc3 48. Rxa3 Bxb4 49. Rb3 Bc5 50. Bf3 f5 51. Rb7 Rxb7 52. Bxb7 e5 53. f3 Kd6 54. g4 g6 55. h5 fxg4 56. fxg4 Bb6 57. Be4 gxh5 58. gxh5 h6 59. Kf3 Kc5 60. Bf5 Kd4 61. Be4 Bc5 62. Bf5 Be7 63. Be4 Bg5 64. Bf5 Kc5 65. Be4 Kd4 66. Bg6 Kc5 67. Be4 Kd4 1/2-1/2

[Event "Titled Tuesday intern op 24th Sep Early"]
[Site "Chess.com INT"]
[Date "2024.09.24"]
[Round "7"]
[White "Yang, Kaiqi"]
[Black "Donchenko, Alexander"]
[Result "0-1"]
[WhiteElo "2481"]
[BlackElo "2638"]
[PlyCount "54"]
[GameId "2107989760979988"]
[EventDate "2024.09.24"]
[EventType "swiss (blitz)"]
[EventRounds "11"]
[EventCountry "USA"]
[SourceTitle "EXT 2025"]
[Source "ChessBase"]
[SourceDate "2024.10.14"]
[SourceVersion "1"]
[SourceVersionDate "2024.10.14"]
[SourceQuality "1"]

1. e4 c6 2. d4 d5 3. e5 c5 4. dxc5 e6 5. a3 Bxc5 6. Nf3 Ne7 7. b4 Bb6 8. Bd3 Nbc6 9. O-O Ng6 10. Re1 Nd4 11. Nbd2 Bd7 12. Bb2 Nxf3+ 13. Qxf3 O-O 14. Qh5 a6 15. Nf3 Qe8 16. c4 dxc4 17. Bxc4 Bb5 18. Bb3 Nf4 19. Qh4 Nd3 20. Re2 Qd8 21. a4 Qxh4 22. Nxh4 Bc6 23. Bc4 Nxb2 24. Rxb2 Bd4 25. Raa2 Bxb2 26. Rxb2 Bxa4 27. Nf3 Rac8 0-1

[Event "Titled Tuesday intern op 24th Sep Early"]
[Site "Chess.com INT"]
[Date "2024.09.24"]
[Round "8"]
[White "Khamzin, Olzhas"]
[Black "Yang, Kaiqi"]
[Result "1-0"]
[WhiteElo "2272"]
[BlackElo "2481"]
[PlyCount "49"]
[GameId "2107989760984193"]
[EventDate "2024.09.24"]
[EventType "swiss (blitz)"]
[EventRounds "11"]
[EventCountry "USA"]
[SourceTitle "EXT 2025"]
[Source "ChessBase"]
[SourceDate "2024.10.14"]
[SourceVersion "1"]
[SourceVersionDate "2024.10.14"]
[SourceQuality "1"]

1. e4 c5 2. Nf3 d6 3. d4 cxd4 4. Nxd4 Nf6 5. Nc3 a6 6. Bg5 e6 7. Qf3 Nbd7 8. O-O-O Qc7 9. Qg3 h6 10. Be3 b5 11. Bxb5 Rb8 12. Ba4 Bb7 13. e5 dxe5 14. Nf3 Bc6 15. Bxc6 Qxc6 16. Nxe5 Qb7 17. Nc4 Be7 18. Qxg7 Rg8 19. Qxh6 Ng4 20. Qh7 Ndf6 21. Qd3 Nxe3 22. fxe3 Ng4 23. Ne4 Kf8 24. Ned6 Qc6 25. Rhf1 1-0

[Event "Titled Tuesday intern op 24th Sep Early"]
[Site "Chess.com INT"]
[Date "2024.09.24"]
[Round "9"]
[White "Yang, Kaiqi"]
[Black "Roubalik, Jakub"]
[Result "1/2-1/2"]
[WhiteElo "2481"]
[BlackElo "2315"]
[PlyCount "131"]
[GameId "2107989760996861"]
[EventDate "2024.09.24"]
[EventType "swiss (blitz)"]
[EventRounds "11"]
[EventCountry "USA"]
[SourceTitle "EXT 2025"]
[Source "ChessBase"]
[SourceDate "2024.10.14"]
[SourceVersion "1"]
[SourceVersionDate "2024.10.14"]
[SourceQuality "1"]

1. Nf3 d5 2. g3 Nf6 3. Bg2 e6 4. O-O Be7 5. b3 O-O 6. Bb2 c5 7. e3 Nc6 8. c4 b6 9. Qe2 Bb7 10. Rd1 Qc7 11. Nc3 Rad8 12. Rac1 Qb8 13. cxd5 exd5 14. d4 Rfe8 15. dxc5 bxc5 16. Na4 Ne4 17. Nd2 Nb4 18. Nxe4 dxe4 19. Rxd8 Rxd8 20. Qg4 Bf8 21. Nxc5 Nd3 22. Nxd3 exd3 23. Bxb7 Qxb7 24. Rd1 Qc6 25. Bd4 d2 26. Qe2 Bb4 27. h4 Qe4 28. a3 Rxd4 29. axb4 h6 30. Rxd2 Rxb4 31. Kh2 Rxb3 32. Rd8+ Kh7 33. Qh5 Rb1 34. Rd1 Rb2 35. Kg1 g6 36. Qd5 Qxd5 37. Rxd5 Ra2 38. Rd7 Kg7 39. Kg2 h5 40. Kf3 a5 41. Ra7 a4 42. e4 Kf6 43. Ke3 Ke6 44. f4 a3 45. Ra6+ Ke7 46. f5 gxf5 47. exf5 f6 48. Kf3 Kf7 49. Ra7+ Kf8 50. Ke4 Ke8 51. Kd5 Rd2+ 52. Ke6 Re2+ 53. Kxf6 a2 54. Kg6 Re3 55. f6 Rxg3+ 56. Kxh5 Rg2 57. Kh6 Kf8 58. h5 Ke8 59. Kh7 Kf8 60. h6 Ke8 61. Ra8+ Kf7 62. Ra6 Kf8 63. Ra7 Ke8 64. Ra8+ Kf7 65. Ra6 Kf8 66. Ra7 1/2-1/2

[Event "Titled Tuesday intern op 24th Sep Late"]
[Site "Chess.com INT"]
[Date "2024.09.24"]
[Round "1"]
[White "Yang, Kaiqi"]
[Black "Barbaric, Vuk Tadija"]
[Result "1-0"]
[WhiteElo "2481"]
[BlackElo "2147"]
[PlyCount "37"]
[GameId "2107989761026197"]
[EventDate "2024.09.24"]
[EventType "swiss (blitz)"]
[EventRounds "11"]
[EventCountry "USA"]
[SourceTitle "EXT 2025"]
[Source "ChessBase"]
[SourceDate "2024.10.14"]
[SourceVersion "1"]
[SourceVersionDate "2024.10.14"]
[SourceQuality "1"]

1. e4 c6 2. d4 d5 3. e5 c5 4. dxc5 e6 5. a3 Bxc5 6. Nf3 Be7 7. Bd3 Nd7 8. O-O Nc5 9. Be2 a5 10. Be3 f6 11. c4 fxe5 12. Nxe5 Nf6 13. Nc3 O-O 14. Bf3 dxc4 15. Qxd8 Rxd8 16. Rad1 Nd3 17. Nxc4 Bc5 18. Bxc5 Nxc5 19. Rxd8+ 1-0

[Event "Titled Tuesday intern op 24th Sep Late"]
[Site "Chess.com INT"]
[Date "2024.09.24"]
[Round "4"]
[White "Yang, Kaiqi"]
[Black "Buscar, Michael"]
[Result "0-1"]
[WhiteElo "2481"]
[BlackElo "2016"]
[PlyCount "132"]
[GameId "2107989761051442"]
[EventDate "2024.09.24"]
[EventType "swiss (blitz)"]
[EventRounds "11"]
[EventCountry "USA"]
[SourceTitle "EXT 2025"]
[Source "ChessBase"]
[SourceDate "2024.10.14"]
[SourceVersion "1"]
[SourceVersionDate "2024.10.14"]
[SourceQuality "1"]

1. Nf3 Nf6 2. c4 e6 3. g3 b6 4. Bg2 Bb7 5. Kf1 Be7 6. Nc3 O-O 7. h4 d5 8. cxd5 Nxd5 9. h5 Nxc3 10. bxc3 Nd7 11. h6 g6 12. d3 c5 13. c4 Bf6 14. Rb1 Qc7 15. Qc2 Rad8 16. Bb2 e5 17. Bc3 Rfe8 18. Nd2 Bh8 19. a4 a5 20. Bxb7 Qxb7 21. f3 Qc6 22. g4 Nf8 23. Ne4 Ne6 24. g5 Nd4 25. Bxd4 exd4 26. Rg1 Rxe4 27. fxe4 Be5 28. Qb3 Bc7 29. Ke1 Rf8 30. Qb5 Qd6 31. Kd2 Qf4+ 32. Kc2 Qe3 33. Rg2 Bd8 34. Rbg1 Bc7 35. Qd7 Bf4 36. Rd1 Bxg5 37. Kb3 Bd8 38. Qg4 Qxh6 39. Qf3 Qg7 40. Rh1 f5 41. exf5 Rxf5 42. Qxf5 gxf5 43. Rxg7+ Kxg7 44. Kc2 Kg6 45. Kd1 h5 46. Ke1 h4 47. Kf2 Bc7 48. Kf3 Kg5 49. Rg1+ Bg3 50. Rh1 Kh5 51. Rb1 Bc7 52. Rg1 Bg3 53. Rh1 Kg5 54. Rb1 Bc7 55. Rf1 h3 56. Rh1 h2 57. Kg2 Kg4 58. Rf1 Bg3 59. Rf3 Bc7 60. Rh3 Kf4 61. Kxh2 Be5 62. Kg2 Bf6 63. Rh7 Ke3 64. Rf7 Bh4 65. Rxf5 Kxe2 66. Rf3 Be1 0-1

[Event "Titled Tuesday intern op 24th Sep Late"]
[Site "Chess.com INT"]
[Date "2024.09.24"]
[Round "5"]
[White "Ziegler, Ari"]
[Black "Yang, Kaiqi"]
[Result "1/2-1/2"]
[WhiteElo "2297"]
[BlackElo "2481"]
[PlyCount "107"]
[GameId "2107989761059829"]
[EventDate "2024.09.24"]
[EventType "swiss (blitz)"]
[EventRounds "11"]
[EventCountry "USA"]
[SourceTitle "EXT 2025"]
[Source "ChessBase"]
[SourceDate "2024.10.14"]
[SourceVersion "1"]
[SourceVersionDate "2024.10.14"]
[SourceQuality "1"]

1. d4 Nf6 2. c4 g6 3. Nc3 Bg7 4. e4 d6 5. Nf3 O-O 6. Be2 Nbd7 7. e5 dxe5 8. dxe5 Ng4 9. e6 fxe6 10. O-O Nc5 11. Qc2 e5 12. Ng5 Bf5 13. Nge4 Qd4 14. Bxg4 Bxg4 15. Be3 Qd3 16. Qxd3 Nxd3 17. b3 c6 18. h3 Bf5 19. Rfd1 Nb4 20. Rd2 Rfd8 21. Rad1 Rxd2 22. Rxd2 a5 23. g4 Bxe4 24. Nxe4 a4 25. Bc5 axb3 26. axb3 Na2 27. Bxe7 Nc1 28. Rd7 Nxb3 29. Bf6 Bxf6 30. Nxf6+ Kf8 31. Nxh7+ Ke8 32. Nf6+ Kf8 33. Rxb7 Nd4 34. Rh7 Ra1+ 35. Kg2 Rc1 36. h4 Rxc4 37. h5 gxh5 38. g5 Ne6 39. Rxh5 Nf4+ 40. Kg3 Nxh5+ 41. Nxh5 Kf7 42. Nf6 Kg6 43. Nd7 Rc3+ 44. Kg4 e4 45. Kf4 Rc2 46. Ne5+ Kg7 47. Ng4 c5 48. Kxe4 c4 49. Kd4 Kg6 50. Ne3 Rxf2 51. Nxc4 Kxg5 52. Nd6 Kf6 53. Ne4+ Ke6 54. Nxf2 1/2-1/2

[Event "Titled Tuesday intern op 24th Sep Late"]
[Site "Chess.com INT"]
[Date "2024.09.24"]
[Round "6"]
[White "Novak, Ratko"]
[Black "Yang, Kaiqi"]
[Result "0-1"]
[WhiteElo "2034"]
[BlackElo "2481"]
[PlyCount "112"]
[GameId "2107989761068147"]
[EventDate "2024.09.24"]
[EventType "swiss (blitz)"]
[EventRounds "11"]
[EventCountry "USA"]
[SourceTitle "EXT 2025"]
[Source "ChessBase"]
[SourceDate "2024.10.14"]
[SourceVersion "1"]
[SourceVersionDate "2024.10.14"]
[SourceQuality "1"]

1. d3 d6 2. e4 e5 3. f4 f5 4. fxe5 dxe5 5. exf5 Bxf5 6. Nf3 Nc6 7. Bg5 Nf6 8. Nc3 Bb4 9. Be2 O-O 10. O-O Qd7 11. Nh4 Be6 12. Bxf6 Rxf6 13. Rxf6 gxf6 14. Ne4 Rf8 15. c3 Be7 16. Qd2 Bd5 17. Ng3 f5 18. Nhxf5 Rxf5 19. Bg4 Rf1+ 20. Rxf1 Qxg4 21. Nf5 Bf8 22. h3 Qg6 23. b4 b5 24. Qf2 Bg7 25. Ne3 Be6 26. Nf5 Bxf5 27. Qxf5 Qxf5 28. Rxf5 Ne7 29. Rf3 Nd5 30. c4 bxc4 31. dxc4 Nxb4 32. Rb3 Nxa2 33. Rb8+ Kf7 34. Rb7 Nc3 35. Rxc7+ Kg6 36. Rxa7 e4 37. Ra6+ Kf5 38. Kf2 Bd4+ 39. Ke1 e3 40. Rd6 Ke4 41. Rd8 e2 42. Re8+ Kd3 43. Rd8 Ke3 44. Re8+ Kd3 45. Rd8 Kxc4 46. g4 Be5 47. Rc8+ Kd3 48. Rd8+ Ke3 49. Re8 Kd4 50. Rd8+ Ke4 51. Re8 h6 52. h4 Kf4 53. g5 hxg5 54. hxg5 Kf5 55. Kf2 Bd4+ 56. Kf3 Be5 0-1

[Event "Titled Tuesday intern op 24th Sep Late"]
[Site "Chess.com INT"]
[Date "2024.09.24"]
[Round "8"]
[White "Yang, Kaiqi"]
[Black "Gubajdullin, Alexey"]
[Result "0-1"]
[WhiteElo "2481"]
[BlackElo "2238"]
[PlyCount "66"]
[GameId "2107989761084921"]
[EventDate "2024.09.24"]
[EventType "swiss (blitz)"]
[EventRounds "11"]
[EventCountry "USA"]
[SourceTitle "EXT 2025"]
[Source "ChessBase"]
[SourceDate "2024.10.14"]
[SourceVersion "1"]
[SourceVersionDate "2024.10.14"]
[SourceQuality "1"]

1. e4 c6 2. d4 d5 3. e5 Bf5 4. h4 h5 5. Bd3 Bxd3 6. Qxd3 Qa5+ 7. b4 Qa6 8. e6 Qxd3 9. cxd3 fxe6 10. Nf3 a5 11. b5 cxb5 12. Nc3 b4 13. Nb5 Na6 14. Bf4 g6 15. Ng5 Bh6 16. Be5 Nf6 17. Rc1 Kd7 18. Nf7 Rhc8 19. Rxc8 Rxc8 20. Ke2 Rc2+ 21. Kf3 Bc1 22. Bg3 a4 23. Ne5+ Ke8 24. Nxg6 b3 25. axb3 axb3 26. Re1 Ne4 27. dxe4 b2 28. exd5 b1=Q 29. Rxe6 Qb3+ 30. Ke4 Re2+ 31. Kf5 Rxe6 32. dxe6 Qxb5+ 33. Be5 Qd3# 0-1